Allpanchis Phuturinqa : (Record no. 21819)

000 -CABECERA
fixed length control field 01912nam a22002897a 4500
003 - IDENTIFICADOR DEL NÚMERO DE CONTROL
control field AR-CdUCM
008 - DATOS DE LONGITUD FIJA--INFORMACIÓN GENERAL
fixed length control field 190425b ||||| |||| 00| 0 spa d
040 ## - FUENTE DE LA CATALOGACIÓN
Agencia/entidad que catalogó originalmente la obra MUNICIPALIDAD PROVINCIAL DEL CUSCO
Entidad que transcribió la catalogación BIBLIOTECA MUNICIPAL DEL CUSCO
082 ## - NÚMERO DE LA CLASIFICACIÓN DECIMAL DEWEY
No. de Clasificación Rev.Allp/N°22/1983
110 ## - ENTRADA PRINCIPAL--NOMBRE DE ENTIDAD CORPORATIVA
Nombre de la institución, jurisdicción como entrada principal Instituto de Pastoral Andina
9 (RLIN) 12766
245 ## - MENCIÓN DE TÍTULO
Título Allpanchis Phuturinqa :
Resto del título Revista Anual /
260 ## - PUBLICACIÓN, DISTRIBUCIÓN, ETC.
Lugar de publicación, distribución, etc. Cusco :
Nombre de la editorial, distribuidor, etc. Instituto de Pastoral Andina,
Fecha de publicación, distribución, etc. 1983.
300 ## - DESCRIPCIÓN FÍSICA
Nº de Páginas Extensión 176 páginas. :
Dimensiones 20 cm.
440 ## - MENCIÓN DE SERIE/PUNTO DE ACCESO ADICIONAL--TÍTULO
Título Revista del Instituto de Pastoral Andina Cusco
Número de la parte/sección de una obra Año XIII, 1983,N°22.Vol. XIX.
9 (RLIN) 46240
505 ## - NOTA DE CONTENIDO CON FORMATO
Nota de contenido formateada Contenido: La codeterminación de la organización Social Andina. Jürgen Golte. Marisol de la Cadena. -- La propiedad en las comunidades andinas. Juan M. Ossio. -- El control comunal del agua en la cuenca de rio cañete. Cesar Fonseca. -- Tierras comunales y revuelta social Perú Bolivia en el siglo XVIII. Scarlett O´phelan. -- Economía familiar y subordinación capitalista en tres comunidades campesinas de Junín. -- Rodrigo Sánchez Enríquez. -- La sierra central peruana 1821-1870 una economía regional andina. Manuel Burga. -- Para la historia de la evangelización en América los confesionarios. Martine Azoulai. -- Precios historia de los precios y deshonestidad intelectual. Ruggiero Romano. -- En torno a un relato andino el Ukumari. Maria Cipolletti. -- Aproximaciones a un balance sobre campesinado y descampesinización en el Perú. Roxana Barrantes Cáceres.
650 ## - PUNTO DE ACCESO ADICIONAL DE MATERIA--TÉRMINO DE MATERIA
Descriptor Comunidades campesinas
9 (RLIN) 2214
650 ## - PUNTO DE ACCESO ADICIONAL DE MATERIA--TÉRMINO DE MATERIA
Descriptor Economía campesina
9 (RLIN) 2215
650 ## - PUNTO DE ACCESO ADICIONAL DE MATERIA--TÉRMINO DE MATERIA
Descriptor Tierras comunales
9 (RLIN) 46241
700 ## - PUNTO DE ACCESO ADICIONAL--NOMBRE DE PERSONA
Nombre Personal Golte Rhode, Jürgen
9 (RLIN) 46242
700 ## - PUNTO DE ACCESO ADICIONAL--NOMBRE DE PERSONA
Nombre Personal De la Cadena, Marisol
9 (RLIN) 46243
700 ## - PUNTO DE ACCESO ADICIONAL--NOMBRE DE PERSONA
Nombre Personal Ossio Acuña, Juan Martín
9 (RLIN) 46244
700 ## - PUNTO DE ACCESO ADICIONAL--NOMBRE DE PERSONA
Nombre Personal O'Phelan Godoy, Scarlett
9 (RLIN) 621
700 ## - PUNTO DE ACCESO ADICIONAL--NOMBRE DE PERSONA
Nombre Personal Burga, Manuel
9 (RLIN) 2836
942 ## - ELEMENTOS DE PUNTO DE ACCESO ADICIONAL (KOHA)
Fuente de clasificación
Tipo de item Revistas cusqueñas
945 ## - PROCESAMIENTO DE INFORMACIÓN LOCAL (OCLC)
Catalogador rac
Holdings
Estado de retiro (separado) Fuente de clasificación o esquema de estanterías Estado dañado Ubicación Sala donde se ubica Nombre de la colección Fecha de adquisición o compra Costo, precio normal en soles Signatura topográfica Código de Barras Última vez visto (Koha) Tipo de ítem (Koha)
No     Sala Hemeroteca Sala Hemeroteca Book Cart 2021-08-18 10.00 Rev.Allp/N°22/1983 REVC000292 2021-08-18 Revistas cusqueñas

Powered by Koha